The gods of New York : (Record no. 126946)

MARC details
000 -LEADER
campo de control de longitud fija 03779cam a2200505 i 4500
001 - NÚMERO DE CONTROL
campo de control 24171554
003 - IDENTIFICADOR DE NÚMERO DE CONTROL
campo de control DLC
005 - FECHA Y HORA DE LA ÚLTIMA TRANSACCIÓN
campo de control 20260428183415.0
006 - CÓDIGOS DE INFORMACIÓN DE LONGITUD FIJA--CARACTERÍSTICAS DEL MATERIAL ADICIONAL
campo de control de longitud fija a|||||r|||| 00| 0
007 - CAMPO FIJO DE DESCRIPCIÓN FÍSICA--INFORMACIÓN GENERAL
campo de control de longitud fija ta
008 - DATOS DE LONGITUD FIJA--INFORMACIÓN GENERAL
campo de control de longitud fija 250426s2025 nyua rb 001 0 eng c
010 ## - NÚMERO DE CONTROL DE LA BIBLIOTECA DEL CONGRESO
Número de control de LC 2025008476
020 ## - NÚMERO INTERNACIONAL ESTÁNDAR DEL LIBRO
Número Internacional Estándar del Libro 9780525510635
Información calificativa hardcover
020 ## - NÚMERO INTERNACIONAL ESTÁNDAR DEL LIBRO
ISBN cancelado o inválido 9780525510642
Información calificativa ebook
035 ## - NÚMERO DE CONTROL DEL SISTEMA
Número de control de sistema (DLC)24171554
040 ## - FUENTE DE CATALOGACIÓN
Centro catalogador/agencia de origen LBSOR
Lengua de catalogación eng
Normas de descripción rda
Centro/agencia transcriptor LBSOR
Centro/agencia modificador LBSOR
-- DLC-MRC
-- DLC
-- DLC-MRC
041 ## - CÓDIGO DE IDIOMA
Código de lengua del texto/banda sonora o título independiente eng
042 ## - CÓDIGO DE AUTENTICACIÓN
Código de autenticación pcc
043 ## - CÓDIGO DE ÁREA GEOGRÁFICA
Código de área geográfica n-us-ny
Número de control del registro de autoridad o número normalizado http://id.loc.gov/vocabulary/geographicAreas/n-us-ny
050 00 - SIGNATURA TOPOGRÁFICA DE LA BIBLIOTECA DEL CONGRESO
Número de clasificación F128.55
Número de ítem .M214g 2025
082 00 - NÚMERO DE LA CLASIFICACIÓN DECIMAL DEWEY
Número de clasificación 974.7/1043
Número de edición 23/eng/20250513
100 1# - ENTRADA PRINCIPAL--NOMBRE DE PERSONA
Nombre de persona Mahler, Jonathan,
Fechas asociadas al nombre 1969-
Término indicativo de función/relación author.
Relación aut
-- http://id.loc.gov/vocabulary/relators/aut
Número de control del registro de autoridad o número normalizado http://id.loc.gov/authorities/names/n2003113930
URI de un objeto del mundo real http://id.loc.gov/rwo/agents/n2003113930
9 (RLIN) 48187
245 14 - MENCIÓN DEL TÍTULO
Título The gods of New York :
Resto del título egotists, idealists, opportunists, and the birth of the modern city, 1986-1990 /
Mención de responsabilidad, etc. Jonathan Mahler.
250 ## - MENCION DE EDICION
Mención de edición First edition.
260 ## - PUBLICACIÓN, DISTRIBUCIÓN, ETC.
Lugar de publicación, distribución, etc. New York :
Nombre del editor, distribuidor, etc. Random House,
Fecha de publicación, distribución, etc. [2025]
264 #1 - PRODUCCIÓN, PUBLICACIÓN, DISTRIBUCIÓN, FABRICACIÓN Y COPYRIGHT
Producción, publicación, distribución, fabricación y copyright New York :
Nombre del de productor, editor, distribuidor, fabricante Random House,
Fecha de producción, publicación, distribución, fabricación o copyright [2025]
300 ## - DESCRIPCIÓN FÍSICA
Extensión 451 pages :
Otras características físicas illustrations ;
Dimensiones 25 cm
336 ## - TIPO DE CONTENIDO
Término de tipo de contenido text
Código de tipo de contenido txt
Fuente rdacontent
Número de control del registro de autoridad o número normalizado http://id.loc.gov/vocabulary/contentTypes/txt
337 ## - TIPO DE MEDIO
Nombre/término del tipo de medio unmediated
Código del tipo de medio n
Fuente rdamedia
Número de control del registro de autoridad o número normalizado http://id.loc.gov/vocabulary/mediaTypes/n
338 ## - TIPO DE SOPORTE
Nombre/término del tipo de soporte volume
Código del tipo de soporte nc
Fuente rdacarrier
Número de control del registro de autoridad o número normalizado http://id.loc.gov/vocabulary/carriers/nc
504 ## - NOTA DE BIBLIOGRAFÍA, ETC.
Nota de bibliografía, etc. Includes bibliographical references (pages 409-430) and index.
505 ## - NOTA DE CONTENIDO CON FORMATO
Nota de contenido con formato Contenidos: <br/>Prologue<br/>1986<br/>1987<br/>1988<br/>1989<br/>Epilogue
520 ## - RESUMEN, ETC.
Sumario, etc. "New York City entered 1986 as a city reborn, with record profits on Wall Street sending waves of money splashing across Manhattan and bringing a once-bankrupt, reeling city back to life. But it also entered 1986 as a city divided. Nearly one-third of the city's Black and Hispanic residents were living below the federal poverty line. Thousands of New Yorkers were sleeping in the streets-and in many cases addicted to drugs, dying of AIDS, or suffering from mental illness. The manufacturing jobs that had once sustained a thriving middle class had vanished. Long-simmering racial tensions threatened to boil over. Over the next four years, a singular confluence of events-involving a cast of outsized, unforgettable characters-would widen those divisions into chasms. Ed Koch. Donald Trump. Al Sharpton. The Central Park Five. Spike Lee. Rudy Giuliani. Howard Beach. Tawana Brawley. The Preppy Murder. Jimmy Breslin. Do the Right Thing, Wall Street, crack, the AIDS epidemic, and, of course, ready to pour gasoline on every fire-the tabloids. In The Gods of New York, Jonathan Mahler tells the story of these convulsive, defining years"-- Provided by publisher.
650 #0 - PUNTO DE ACCESO ADICIONAL DE MATERIA--TÉRMINO DE MATERIA
Término de materia o nombre geográfico como elemento de entrada Nineteen eighties
Número de control del registro de autoridad o número normalizado http://id.loc.gov/authorities/subjects/sh96005522
651 #0 - PUNTO DE ACCESO ADICIONAL DE MATERIA--NOMBRE GEOGRÁFICO
Nombre geográfico New York (N.Y.)
Subdivisión general History
Subdivisión cronológica 1951-
Número de control del registro de autoridad o número normalizado http://id.loc.gov/authorities/subjects/sh85091426
651 #0 - PUNTO DE ACCESO ADICIONAL DE MATERIA--NOMBRE GEOGRÁFICO
Nombre geográfico New York (N.Y.)
Subdivisión general Politics and government
Subdivisión cronológica 1951-
Número de control del registro de autoridad o número normalizado http://id.loc.gov/authorities/subjects/sh85091433
758 ## - IDENTIFICADOR DEL RECURSO
URI de un objeto del mundo real http://id.loc.gov/resources/instances/24171554
758 ## - IDENTIFICADOR DEL RECURSO
Relación http://id.loc.gov/ontologies/bibframe/instanceOf
URI de un objeto del mundo real http://id.loc.gov/resources/works/24171554
776 1# - ENTRADA DE FORMULARIO FÍSICO ADICIONAL
Información de relación Online version
Relación http://id.loc.gov/entities/relationships/onlineversion
Encabezamiento principal Mahler, Jonathan, 1969-
Título The gods of New York
Edición First edition
Lugar, editor y fecha de publicación New York, NY: Random House, [2025]
Número de control del registro (DLC) 2025008477
Número Internacional Estándar del Libro 9780525510642
-- 9780525510635
Número de control del registro 24171554
884 ## - Información sobre la conversión de la descripción
Proceso de conversión DLC bibframe2marc v3.1-dev
Fecha de conversión 20251219
Agencia que convierte los datos DLC
Identificador Uniforme de Recursos https://github.com/lcnetdev/bibframe2marc/tree/v3.1-dev
906 ## - ELEMENTOS DE DATOS F LOCAL, LDF (RLIN)
a 7
b cbc
c orignew
d 1
e ecip
f 20
g y-gencatlg
942 ## - ELEMENTOS DE ENTRADA SECUNDARIOS (KOHA)
Fuente del sistema de clasificación o colocación Clasificación de Library of Congress
Suprimir en OPAC No
Tipo de ítem Koha Libro
946 ## - PROCESAMIENTO DE INFORMACIÓN LOCAL (OCLC)
Iniciales del agente catalogador llh
Holdings
Estatus retirado Estado de pérdida Fuente del sistema de clasificación o colocación Estado de daño No para préstamo Colección Biblioteca de origen Biblioteca actual Ubicación en estantería Fecha de adquisición Signatura topográfica completa Código de barras Visto por última vez Copia número Tipo de ítem Koha
    Clasificación de Library of Congress     Automatización y Procesos Técnicos Biblioteca Juan Bosch Biblioteca Juan Bosch Automatización y Procesos Técnicos (1er. Piso) 28/04/2026 F128.55 .M214g 2025 00000200039 28/04/2026 1 Libro